| 000 | 01122cam a2200301 4500 | ||
|---|---|---|---|
| 001 | 3182494 | ||
| 003 | OSt | ||
| 005 | 20230620160319.0 | ||
| 008 | 720606r1971 mau b 001 0 eng | ||
| 010 | _a 76178076 | ||
| 020 | _a0674904818 | ||
| 040 |
_aDLC _cDLC _dDLC |
||
| 050 | 0 | 0 |
_aJX1395 _b.K43 |
| 082 | 0 | 0 |
_a327/.08 _bKEO |
| 100 | 1 |
_aKeohane, Robert O. _q(Robert Owen), _d1941- |
|
| 245 | 1 | 0 |
_aTransnational relations and world politics. _cEdited by Robert O. Keohane and Joseph S. Nye, Jr. |
| 260 |
_aCambridge, Mass., _bHarvard University Press, _c1972. |
||
| 300 |
_axxix, 428 p. _c27 cm. |
||
| 350 | _a$12.50 | ||
| 500 | _a"Written under the auspices of the Center for International Affairs, Harvard University." | ||
| 500 | _a"The essays in this volume appeared in ... International organization ... vol. XXV, no. 3 (summer 1971)" | ||
| 504 | _aBibliography: p. 399-408. | ||
| 650 | 0 | _aInternational relations. | |
| 700 | 1 |
_aNye, Joseph S., _ejoint author. |
|
| 710 | 2 |
_aHarvard University. _bCenter for International Affairs. |
|
| 906 |
_a7 _bcbc _corignew _d2 _encip _f19 _gy-gencatlg |
||
| 942 |
_2ddc _cBK |
||
| 999 |
_c1899 _d1899 |
||